000
00327nam a2200133Ia 4500
008
240624s9999 xx 000 0 und d
041
_a
eng
082
_a
823 KIP
100
_a
KIPLING RUDYARD
245
_a
NAULAHKA A STORY OF WEST AND EAST
260
_c
2005
_a
New Delhi
_b
Rupa
300
_a
332 : p. : cm. ; 17
365
_c
RS
999
_c
28732
_d
28732